| 000 | 00692nam a2200241Ia 4500 | ||
|---|---|---|---|
| 003 | OSt | ||
| 005 | 20221007065355.0 | ||
| 006 | a|||||r|||| 00| 0 | ||
| 007 | ta | ||
| 008 | 221006b |||||||| |||| 00| 0 eng d | ||
| 020 | _a9781478001669 | ||
| 024 | _a45,664 | ||
| 037 | _cTextual | ||
| 040 |
_aFLL _cFLL _beng |
||
| 041 |
_2eng _aeng |
||
| 082 | _aWvN89, Q8 | ||
| 100 | _aBADIOU Alain | ||
| 245 | 0 |
_aCan politics be thought? _b followed by of an obscure disaster on the end of the truth of the state |
|
| 260 |
_aDurham _bDuke University Press UK _c2018 |
||
| 300 |
_a141p. _ccm. |
||
| 942 |
_hWvN89, Q8 _cTEXL _2CC |
||
| 999 |
_c1137133 _d1137133 |
||